|
|
|
|
| LEADER |
00000cam a2200000 a 4500 |
| 001 |
1/118600 |
| 008 |
190509s1977####gr | ||| |||| ||gre|| |
| 040 |
|
|
|a GR-MyUa
|b gre
|c GR-MyUa
|e AACR2
|
| 041 |
1 |
|
|a gre
|h eng
|
| 082 |
7 |
|
|a 808.0863
|2 (23)
|
| 100 |
1 |
|
|a Burnett, Frances Hodgson,
|d 1849-1924.
|
| 245 |
1 |
2 |
|a Ο μικρός λόρδος /
|c F. H. Burnett ; μετάφραση Γιάννη Κότσικα, εικονογράφηση Κ. Μαλάμου, εξώφυλλο Γ. Βακαλό.
|
| 260 |
|
|
|a Αθήναι :
|b Αστήρ,
|c 1977.
|
| 300 |
|
|
|a 160, [4] σ. :
|b εικ. ;
|c 25 εκ.
|
| 500 |
|
|
|a Τίτλος πρωτοτύπου: Little lord Fauntleroy.
|
| 650 |
|
0 |
|a Grandfathers
|x Fiction.
|
| 650 |
|
0 |
|a Young adult fiction.
|
| 650 |
|
0 |
|a American fiction
|y 20th century.
|
| 700 |
1 |
|
|a Κότσικας, Γιάννης,
|e trl
|
| 700 |
1 |
|
|a Μαλάμος, Κώστας,
|d 1913-2007,
|e ill
|
| 700 |
1 |
|
|a Βακαλό, Γιώργος,
|d 1902-1991,
|e ill
|
| 852 |
|
|
|a INST
|b SAMOS
|e 20190509
|h 808.0863 BUR
|p 005300045913
|q 005300045913
|t BK
|y 0
|
| 970 |
|
|
|a Γουβάλα
|b Βάσω
|z 09-05-2019
|